000 00350nam a2200145Ia 4500
008 151213s9999 xx 000 0 und d
100 _aA. B. Abel
245 _aMacro Economics
_cA. B. Abel
260 _aNew York
_bAddison Wesley
_c1992
300 _a2646 p.
650 _aEconomics
650 _aEconomics
700 _aA. B. Abel
999 _c1758
_d1758